000
00287nam a2200121Ia 4500
008
190216s9999||||xx |||||||||||||| ||und||
100
_a
Yakoob C
245
0
_a
Operations Research
260
_b
Calicut University Central Co-Operative
300
_a
156
650
_a
Commerce
942
_c
BK
999
_c
6848
_d
6848